00852cam a2200265 i 4500001001900000003000400019005001700023008004100040015001600081017004200097020001800139040002800157041001300185043001200198080004300210100002200253245008400275264003800359300002700397490003000424650003900454650003000493700002100523830004200544991059727486406706OSt20240718164134.0201006e202002 spc|||| |||| ||0 0 spa|c aLL20212bnc aDL L 28-2020bBiblioteca de Catalunya a9788497439008 aES-BaBCbcaterdacCDMR1 acathspa ae------ a308x-053.2/-053.5x-054.72x(4)220041 aMontesinos, Sara,10aSolo vivir /cSara Montesinos, Martí Albesa ; traducción de Paula Aguiriano 1aLleida :bEditorial Milenioc2020 a117 pàgines ;c20 cm1 aNandibú horizontes ;v6 7aInfants immigrantszEuropa.2lemac 7aRefugiatszEuropa.2lemac1 aAlbesa, Martí, 0aNandibú horizonts.lCastellà ;v6